Statistics for Piccadilly Line (Any Order)

Click here to take the quiz!

General Stats

  • This quiz has been taken 20 times
  • The average score is 38 of 53

Answer Stats

Station% Correct
Acton Town
100%
Heathrow Terminal 4
100%
Heathrow Terminals 2 & 3
100%
Cockfosters
91%
Ealing Common
91%
Heathrow Terminal 5
91%
Hyde Park Corner
91%
King's Cross
91%
Knightsbridge
91%
South Kensington
91%
Barons Court
82%
Covent Garden
82%
Hounslow Central
82%
Hounslow East
82%
Hounslow West
82%
Leicester Square
82%
Uxbridge
82%
Arsenal
73%
Boston Manor
73%
Earl's Court
73%
Finsbury Park
73%
Gloucester Road
73%
Hatton Cross
73%
Hillingdon
73%
Manor House
73%
North Ealing
73%
Northfields
73%
Piccadilly Circus
73%
Russell Square
73%
Wood Green
73%
Arnos Grove
64%
Bounds Green
64%
Caledonian Road
64%
Green Park
64%
Holborn
64%
Ickenham
64%
Oakwood
64%
Osterley
64%
Ruislip
64%
South Ealing
64%
Southgate
64%
Turnham Green
64%
Alperton
55%
Eastcote
55%
Hammersmith
55%
Park Royal
55%
Rayners Lane
55%
Ruislip Manor
55%
Sudbury Hill
55%
Sudbury Town
55%
Turnpike Lane
55%
Holloway Road
45%
South Harrow
45%

Score Distribution

Percentile by Number Answered

Percent of People with Each Score

Your Score History

You have not taken this quiz